| 000 | 00674nam a2200205 a 4500 | ||
|---|---|---|---|
| 003 | MX-MxUPN | ||
| 005 | 20240809155111.0 | ||
| 008 | 991125s1949 mx r 000 0 spa d | ||
| 035 | _aUPN01000020322 | ||
| 040 |
_aMX-MxUPN _bspa _cMX-MxUPN |
||
| 041 | 0 | _aspa | |
| 050 | 1 | 4 |
_aPQ7297 G36 _bE3 |
| 100 | 1 |
_aGarcía Rodríguez, José _952987 |
|
| 245 | 1 | 0 |
_aEntre historias y consejas : _banécdotas de la vida en Saltillo |
| 260 |
_aMéxico : _bStylo, _c1949. |
||
| 300 | _a248 páginas | ||
| 650 | 4 |
_aLiteratura mexicana _zSaltillo, Coahuila _920925 |
|
| 710 | 2 |
_aInstituto Federal de Capacitación del Magisterio (México) _928505 _epropietario anterior |
|
| 942 |
_2lcc _cLIBRO |
||
| 999 |
_c20322 _d20322 |
||